000 00304nam a22001337a 4500
005 20230818113408.0
008 230818b |||||||| |||| 00| 0 eng d
040 _aLoreto college
041 _aEnglish
082 _a396
_bAND
245 _aA glossary of feminist theory
850 _aLCLIB
942 _cBK
999 _c43519
_d93998